Inter Milan All-Time Greatest XI - Statistics

General Stats
  • This quiz has been taken 862 times
  • The average score is 6 of 11
Answer Stats
Answer % Correct
Ronaldo
97%
Javier Zanetti
91%
Lothar Matthäus
74%
Giuseppe Meazza
71%
Giuseppe Bergomi
55%
Luis Suárez
55%
Walter Zenga
55%
Giacinto Facchetti
51%
Sandro Mazzola
43%
Tarcisio Burgnich
24%
Armando Picchi
17%
No matching quizzes found
Score Distribution
Percent of People with Each Score
Percentile by Number Answered
Your Score History
You have not taken this quiz